000 00423nam a2200169Ia 4500
008 210210b2018 xxu||||| |||| 00| 0 eng d
041 _aeng
082 _a305.4K CHAH
100 _aCHANDRAKALA NANDAVARA
245 _aHennige vartamanavillave?
260 _aMangaluru
_bHemanshu Prakashana
_c2018
300 _ax,122
650 _avartamanavillave?
650 _aHennige
690 _aWomen Studies
906 _a072459
999 _c122304
_d122304